000
00437nam a22000977a 4500
100
_a
शुक्ल,आचार्य रामचन्द्र
_9
68578
245
_a
हिन्दी साहित्य का इतिहास
260
_a
जयपुर
_b
निकिता प्रकाशन
_c
2018
650
_a
हिन्दी साहित्य का इतिहास
_9
36757
942
_c
HIN
999
_c
64340
_d
64340